000 00597nam a22002177a 4500
999 _c13632
_d13632
003 MIRAKIL
005 20191125134333.0
008 191125b tu ||||| |||| 00| 0 tur d
020 _a9786053559719
040 _aTR-AnCHP
_btur
_cTR-AnCHP
041 _atur
082 _a320,9561
_bT66ü 2018
100 _aToprak, Ece Güner
245 _aÜlkem için çare/
_cEce Güner Toprak.
250 _a3 bs.
260 _aAnkara:
_bPalme yayınları,
_c2018
300 _a383 s.:
_btbl.,
_c23 sm.
440 _aPalme yayınları
_n1496
650 _aTürkiye
_xSiyaset ve Yönetim
942 _2ddc
_cBKS